| 000 | 00647nam a2200217 a 4500 | ||
|---|---|---|---|
| 005 | 20160808125133.0 | ||
| 008 | 140217b2007 ck ||||| |||| 00| 0 spa d | ||
| 040 |
_aCO-BoIAVH _cCO-BoIAVH |
||
| 041 | _aspa | ||
| 044 | _ack | ||
| 090 |
_aIAVH _b01380 |
||
| 100 |
_91989 _aSantamaría, Marcela |
||
| 245 | _aAnálisis de las metodologías desarrolladas y aplicadas sobre el estado y monitoreo de la biodiversidad | ||
| 260 |
_aBogotá _bIAvH _c2007 |
||
| 300 | _a76 p. | ||
| 650 |
_aMonitoreo de biodiversidad _96268 |
||
| 650 |
_aMetodologías _931367 |
||
| 650 |
_aEvaluación _931368 |
||
| 700 |
_aCorzo, Germán _931369 |
||
| 942 |
_cINFORME _2z |
||
| 999 |
_c7126 _d7126 |
||